Entrepreneurship Successfully Launching New Ventures/ (Record no. 175156)

MARC details
000 -LEADER
fixed length control field 00679nam a22001937a 4500
005 - DATE AND TIME OF LATEST TRANSACTION
control field 20200811132209.0
010 ## - LCCN (DPL NO)
LC control number ENG-128339
020 ## - INTERNATIONAL STANDARD BOOK NUMBER
Terms of availability 725.00
International Standard Book Number 9789353066499
035 ## - SYSTEM CONTROL NUMBER
System control number EN-111871
037 ## - SOURCE OF ACQUISITION
Source of stock number/acquisition DBAD/PUB
082 ## - DEWEY DECIMAL CLASSIFICATION NUMBER
Classification number 658.421
100 ## - MAIN ENTRY--PERSONAL NAME
Personal name Barringer, Bruce R
245 ## - TITLE STATEMENT
Title Entrepreneurship Successfully Launching New Ventures/
Statement of responsibility, etc by Bruce R. Barringer, R.Duane Ireland
250 ## - EDITION STATEMENT
Edition statement 6th ed.
260 ## - PUBLICATION, DISTRIBUTION, ETC. (IMPRINT)
Place of publication, distribution, etc New Delhi
Name of publisher, distributor, etc Pearson
Date of publication, distribution, etc 2021
270 ## - ADDRESS
Address 15th floor,Tower-B,Word Trade Tower,Plot no.1,Block-C sec 16,
City Noida
Postal code 201301
Telephone number 04466540100
Electronic mail address companysecretary.india@pearson.com
300 ## - PHYSICAL DESCRIPTION
Extent various pages.
Dimensions 24cm(pbk)
942 ## - ADDED ENTRY ELEMENTS (KOHA)
Source of classification or shelving scheme Dewey Decimal Classification
Item type English Books
Classification part 658.421
Call number suffix BAR
Holdings
Withdrawn status Lost status Not for loan Collection code Home library Current library Date acquired Source of acquisition Cost, normal purchase price Full call number Barcode Copy number Cost, replacement price Koha item type
      Non-fiction D.B.Act.Division D.B.Act.Division 11/08/2020 DBAD/PUB 725.00 658.421 BAR EN-111871 1 725.00 English Books

© Delhi Public Library
Hit Counter
free hit counter